<?xml version="1.0" encoding="UTF-8"?><?xml-stylesheet type="text/xsl" href="static/style.xsl"?><OAI-PMH xmlns="http://www.openarchives.org/OAI/2.0/" xmlns:xsi="http://www.w3.org/2001/XMLSchema-instance" xsi:schemaLocation="http://www.openarchives.org/OAI/2.0/ http://www.openarchives.org/OAI/2.0/OAI-PMH.xsd"><responseDate>2026-06-05T19:30:51Z</responseDate><request verb="GetRecord" identifier="oai:riuma.uma.es:10630/38747" metadataPrefix="marc">https://riuma.uma.es/rest/oai/request</request><GetRecord><record><header><identifier>oai:riuma.uma.es:10630/38747</identifier><datestamp>2026-04-08T10:12:36Z</datestamp><setSpec>com_10630_2254</setSpec><setSpec>col_10630_37956</setSpec></header><metadata><record xmlns="http://www.loc.gov/MARC21/slim" xmlns:dcterms="http://purl.org/dc/terms/" xmlns:doc="http://www.lyncode.com/xoai" xmlns:xsi="http://www.w3.org/2001/XMLSchema-instance" xsi:schemaLocation="http://www.loc.gov/MARC21/slim http://www.loc.gov/standards/marcxml/schema/MARC21slim.xsd">
   <leader>00925njm 22002777a 4500</leader>
   <datafield ind2=" " ind1=" " tag="042">
      <subfield code="a">dc</subfield>
   </datafield>
   <datafield ind2=" " ind1=" " tag="720">
      <subfield code="a">Thurner, Paul W.</subfield>
      <subfield code="e">author</subfield>
   </datafield>
   <datafield ind2=" " ind1=" " tag="720">
      <subfield code="a">Küchenhoff, Helmut</subfield>
      <subfield code="e">author</subfield>
   </datafield>
   <datafield ind2=" " ind1=" " tag="720">
      <subfield code="a">Walter-Rogg, Melanie</subfield>
      <subfield code="e">author</subfield>
   </datafield>
   <datafield ind2=" " ind1=" " tag="720">
      <subfield code="a">Heinrich, Tassilo</subfield>
      <subfield code="e">author</subfield>
   </datafield>
   <datafield ind2=" " ind1=" " tag="720">
      <subfield code="a">Klima, André</subfield>
      <subfield code="e">author</subfield>
   </datafield>
   <datafield ind2=" " ind1=" " tag="720">
      <subfield code="a">Knieper, Thomas</subfield>
      <subfield code="e">author</subfield>
   </datafield>
   <datafield ind2=" " ind1=" " tag="720">
      <subfield code="a">Haupt, Harry</subfield>
      <subfield code="e">author</subfield>
   </datafield>
   <datafield ind2=" " ind1=" " tag="720">
      <subfield code="a">Mauerer, Ingrid Doris</subfield>
      <subfield code="e">author</subfield>
   </datafield>
   <datafield ind2=" " ind1=" " tag="720">
      <subfield code="a">Mang, Stefan</subfield>
      <subfield code="e">author</subfield>
   </datafield>
   <datafield ind2=" " ind1=" " tag="720">
      <subfield code="a">Schnurbus, Joachim</subfield>
      <subfield code="e">author</subfield>
   </datafield>
   <datafield ind2=" " ind1=" " tag="260">
      <subfield code="c">2023-08</subfield>
   </datafield>
   <datafield ind2=" " ind1=" " tag="520">
      <subfield code="a">Die bayerische Landtagswahl 2018 war durch ein hohes Maß an Wählervolatilität geprägt. Jedoch konnte nicht nur die AfD Stimmen hinzugewinnen, auch den Grünen ist es gelungen, 2018 Wähler anderer Parteien für sich zu gewinnen. Der vorliegende Beitrag beschreibt Herkunft, Richtung und Stärke der Wechselwählerströme bei der bayerischen Landtagswahl 2018. Basierend auf dem von Klima et al. (2016, 2019) entworfenen Hybrid-Modell zur Schätzung von Wählerwanderungen werden georeferenzierte Aggregatdaten sowie umfragebasierte Individualdaten der USBW18 herangezogen, um nicht nur die Zu- und Abwanderungen in den Elektoraten der einzelnen Parteien zwischen den Landtagswahlen 2013 und 2018, sondern auch zwischen der Bundestagswahl 2017 und der Landtagswahl 2018 zu quantifizieren. Somit stellt der Beitrag eine wesentliche Erweiterung der bisher nur für München vorliegenden Schätzung der Wechselwählerströme mittels der Hybrid-Modelle (Klima et al., 2017) dar, indem einerseits die räumliche Perspektive auf ganz Bayern ausgeweitet und andererseits die Wechselneigung zwischen Wahlen auf unterschiedlichen Ebenen des politischen Systems analysiert wird.</subfield>
   </datafield>
   <datafield ind1="8" ind2=" " tag="024">
      <subfield code="a">Thurner, P.W., Küchenhoff, H., Walter-Rogg, M., Heinrich, T., Klima, A., Knieper, T., Haupt, H. Mauerer, I., Mang, S. &amp; Schnurbus, J. (2023). "Die Universitätsstudie Bayernwahl 2018 (USBW18): Design und ermittelte Wählerwanderungen." In: Die Landtagswahl 2018 in Bayern, edited by Walter-Rogg, M. &amp; Heinrich, T., pp. 21-63. Wiesbaden: Springer VS. https://doi.org/10.1007/978-3-658-41392-7_2</subfield>
   </datafield>
   <datafield ind1="8" ind2=" " tag="024">
      <subfield code="a">978-3-658-41391-0</subfield>
   </datafield>
   <datafield ind1="8" ind2=" " tag="024">
      <subfield code="a">978-3-658-41392-7</subfield>
   </datafield>
   <datafield ind1="8" ind2=" " tag="024">
      <subfield code="a">https://hdl.handle.net/10630/38747</subfield>
   </datafield>
   <datafield ind1="8" ind2=" " tag="024">
      <subfield code="a">10.1007/978-3-658-41392-7_2</subfield>
   </datafield>
   <datafield tag="653" ind2=" " ind1=" ">
      <subfield code="a">Elecciones - Alemania - Modelos matemáticos</subfield>
   </datafield>
   <datafield tag="653" ind2=" " ind1=" ">
      <subfield code="a">Sociología electoral</subfield>
   </datafield>
   <datafield ind2="0" ind1="0" tag="245">
      <subfield code="a">Die Universitätsstudie Bayernwahl 2018 (USBW18): Design und ermittelte Wählerwanderungen.</subfield>
   </datafield>
</record>
</metadata></record></GetRecord></OAI-PMH>